000 01126nam a2200241Ia 4500
005 20240530110938.0
008 140319s2021 ua dhf f 000 0 ara d
017 _a2021/9894
_bمصر. دار الكتب
020 _a9789779840683
040 _aGCL /
_cGCL
082 0 4 _221
_a743\
_bأ ت
100 0 _aاسامة البسيونى عبدالله عبدالفتاح
245 1 2 _aالتصوير الايرانى وخصائص المدرسة الصفوية فى ضوء دراسة جديدة لنسخة من مخطوط الشاهنامة /
_cتاليف اسامة البسيونى عبدالله عبدالفتاح ؛ تقديم ابوالحمد محمود فرغلى
250 _aط. 1
260 _aالاسكندرية :
_bدار الوفاء لدنيا الطباعة و النشر،
_c2022.
300 _a484 ص. :
_bايض ؛
_c24 سم.
650 0 7 _aالمدرسة الصفوية
650 0 7 _aالاثار الاسلامية
_zايران
650 0 7 _aالتصوير
700 0 _aابوالحمد محمود فرغلى
_eمقدم
942 _2ddc
_cBK
999 _c66780
_d66780